|
|
|
|
| LEADER |
01345nam a2200349Ia 4500 |
| 001 |
EBC348661 |
| 003 |
MiAaPQ |
| 005 |
20200520144314.0 |
| 006 |
m o d | |
| 007 |
cr cn||||||||| |
| 008 |
080326s2008 enk sb 000 0 eng d |
| 020 |
|
|
|z 9781848550704
|
| 035 |
|
|
|a (MiAaPQ)EBC348661
|
| 035 |
|
|
|a (Au-PeEL)EBL348661
|
| 035 |
|
|
|a (CaPaEBR)ebr10229739
|
| 035 |
|
|
|a (CaONFJC)MIL138535
|
| 035 |
|
|
|a (OCoLC)244483731
|
| 040 |
|
|
|a MiAaPQ
|c MiAaPQ
|d MiAaPQ
|
| 050 |
|
4 |
|a HD60
|b .S6341 2008
|
| 245 |
0 |
0 |
|a Social responsibility journal.
|n Volume 4, Number 1/2,
|p Ethics and morality in business practice
|h [electronic resource] /
|c Guest editors: Jelena Debeljak and Kristijan Krkac.
|
| 260 |
|
|
|a [Bradford, England] :
|b Emerald,
|c 2008.
|
| 300 |
|
|
|a 254 p.
|
| 490 |
0 |
|
|a Social responsibility journal ;
|v v.4, no. 1/2
|
| 504 |
|
|
|a Includes bibliographical references.
|
| 533 |
|
|
|a Electronic reproduction. Ann Arbor, MI : ProQuest, 2015. Available via World Wide Web. Access may be limited to ProQuest affiliated libraries.
|
| 650 |
|
0 |
|a Management.
|
| 650 |
|
0 |
|a Social responsibility of business.
|
| 655 |
|
4 |
|a Electronic books.
|
| 700 |
1 |
|
|a Debeljak, Jelena.
|
| 700 |
1 |
|
|a Krkac. Kristijan.
|
| 710 |
2 |
|
|a ProQuest (Firm)
|
| 856 |
4 |
0 |
|u https://ebookcentral.proquest.com/lib/matrademy/detail.action?docID=348661
|z Click to View
|